| 000 | 00596nam a2200241 a 4500 | ||
|---|---|---|---|
| 999 |
_c6815 _d6815 |
||
| 001 | 6815 | ||
| 003 | BD-JhCC | ||
| 005 | 20180130184841.0 | ||
| 008 | 880808s1965 enk 000 0 eng d | ||
| 035 | _a(BD-JhCC)6815 | ||
| 035 | _a(OCoLC)13174355 | ||
| 040 |
_aBD-JhCC _dBD-JhCC |
||
| 041 | _aeng | ||
| 082 |
_a823.914 _bCOZ 1964 |
||
| 100 | 1 |
_aCozzens, James Gould, _d1903-1978 |
|
| 245 | 1 | 0 |
_aChildren and others / _cby J.G. Cozzens |
| 250 | _a[3rd ed.] | ||
| 260 |
_aLondon : _bLongmans, _c1965 |
||
| 300 | _a343 p. | ||
| 650 | _aChildren Stories | ||
| 942 |
_2ddc _cBK |
||